Dish Origins Matchup Quiz Stats

 Plays Quiz not verified by Sporcle

Score 0/20 Timer 05:00
0 Plays Today
% Correct
Caesar Salad
67.5%
Negimaki
63.8%
Pizza alla Margherita
62.5%
Blackened Redfish
51.3%
Hot Brown Sandwich
46.3%
Philly Cheese Steak
35%
Buffalo Chicken Wings
32.5%
Cobb Salad
27.5%
Fajitas
26.3%
Muffuletta
25%
% Correct
Lobster Newberg
21.3%
Vichyssoise
21.3%
Bananas Foster
20%
Boston Cream Pie
17.5%
Green Goddess Dressing
17.5%
Oysters Rockefeller
16.3%
Carpaccio
16.3%
Pasta alla Primavera
15%
Potato Chips
13.8%
Tiramisu
10%

You're not logged in!

Compare scores with friends on all Sporcle quizzes.
OR
Log In

Show Comments

Extras

Top Quizzes Today


Score Distribution

Your Account Isn't Verified!

In order to create a playlist on Sporcle, you need to verify the email address you used during registration. Go to your Sporcle Settings to finish the process.

Report this User

Report this user for behavior that violates our Community Guidelines.

Details: